Guess the NBA player - Statistics

General Stats
  • This quiz has been taken 4,563 times
  • The average score is 11 of 15
Answer Stats
Hint Answer % Correct
Had two three peats Michael Jordan
91%
100 points game Wilt Chamberlain
91%
2021 finals MVP Giannis Antetokounmpo
90%
Brought Cleveland’s first title LeBron James
85%
Dr. J Julius Erving
81%
Shortest player to play in NBA history Muggsy Bogues
81%
Only scored one three-pointer in his carrer Shaquille O’Neal
80%
Known for his savage dunks, retired at age 43 Vince Carter
79%
Made “The shot” against the 76ers in the 2nd round Kahwi Leonard
78%
Had a shoutout in J. Cole’s song “M y . L i f e”. Playing for the Grizzlies Ja morant
73%
The worm Dennis Rodman
67%
Known for his “Choke” celebration Reggie Miller
65%
Most dunks in NBA history Dwight Howard
49%
Father played in the league, plays for the Kings Domantas Sabonis
47%
The only basketball player to win an oscar Kobe Bryant
46%
No matching quizzes found
Score Distribution
Percent of People with Each Score
Percentile by Number Answered
Your Score History
You have not taken this quiz